Енеїда (Запис № 573812)

МАРК-запис
000 -Лідер
fixed length control field 00864 a2200217 4500
003 - Ідентифікатор контрольного номера
control field UA-OsUOA
005 - Дата та час останнього входження (трансакції)
control field 20230215102333.0
008 - Елементи даних фіксованої довжини – загальна інформація
fixed length control field 230215b un ||||| |||| 00| 0 ukr d
040 ## - Джерело каталогізації
Агенція оригінальної каталогізації UA-OsUOA
Мова каталогізації ukr
Агенція, яка здійснювала перезапис UA-OsUOA
Агенція, яка здійснювала модифікацію UA-OsUOA
041 ## - Код мови
Код мови тексту/ звукової доріжки чи окремого заголовка (П) ukr
080 ## - Індекс Універсальної десяткової класифікації
Індекс Універсальної десяткової класифікації (УДК) (НП) 09:821.161.2
090 ## - Локальний шифр розміщення
Класифікаційний індекс УДК 09:821.161.2
Авторський знак (НП) К73
100 ## - Основне введення – ім’я особи
Ім’я особи (НП) Котляревський І.
245 ## - Відомості про назву
Назва (НП) Енеїда
Решта назви (НП) на українську мову перелицьована
Дані про відповідальність (НП) І. Котляревський
Номер частини/ розділу роботи (П) Ч. 1 і 2
260 ## - Публікація, розповсюдження і т.п. (Вихідні дані)
Місце публікації, розповсюдження і т.п. (П) Буенос Айрес
Ім’я/ наймення видавництва, розповсюджувача і т.п. (П) Перелом
Дата публікації, розповсюдження і т.п. (П) 1944
300 ## - Фізичний опис
Обсяг 32 с.
650 ## - Додаткове предметне введення – тематичний термін
Джерело заголовка чи терміна UDC
Тематичний термін чи географічна назва, як елемент введення (НП) 821 Художня література окремими мовами і мовними сім'ями
942 ## - Додаткові елементи входу (Коха)
Тип елемента Koha Рідкісне/цінне видання
Source of classification or shelving scheme Universal Decimal Classification
955 ## - Код типу видання за змістом
Код типу видання за змістом (НП) Літературно-художні видання
Фонди
Стан вилучень Стан втрат Джерело класифікації або схеми стелажів Стан уражень Не для кредиту Код колекції Постійне місце розташування Поточне розміщення Дата придбання Джерело придбання Вартість, звичайна ціна покупки Усього замовленно Повний номер виклику Штрих-код Дата останнього перегляду Вартість, ціна заміни Ціна ефективна від Тип елемента Koha
    Universal Decimal Classification     Колекція Жулинського М.Г. Музей історії НаУОА Музей історії НаУОА 15/02/2023 №5/09.02.2023 20.00   09:821.161.2 К73 165571 15/02/2023 20.00 15/02/2023 Рідкісне/цінне видання